Loading...
Memories of an educational administrator
| Main Author: | |
|---|---|
| Format: | Printed Book |
| Language: | English |
| Published: |
New Delhi
Prentice hall of India,
1964
|
| Subjects: |
| LEADER | 00518nam a22001577a 4500 | ||
|---|---|---|---|
| 005 | 20151026130430.0 | ||
| 008 | 100312t xxu||||| |||| 00| 0 eng d | ||
| 080 | |a 92(PAV):37 |b PAV | ||
| 100 | |a Pavate, D.C. |9 10156 | ||
| 245 | |a Memories of an educational administrator | ||
| 260 | |a New Delhi |b Prentice hall of India, |c 1964 |9 528 | ||
| 300 | |a 340p. | ||
| 653 | |a Biography | ||
| 942 | |c BK |6 _ | ||
| 999 | |c 5217 |d 5217 | ||
| 952 | |0 0 |1 0 |2 udc |4 0 |6 92PAV37_PAV |7 0 |9 16583 |a UL |b UL |d 2010-03-12 |o 92(PAV):37 PAV |p 00022519 |r 2010-03-12 |w 2010-03-12 |y BK | ||